Normal view
MARC view
- Engineering Mechanics-Dynamics.NUSTTB2022
Entry Topical Term
001 - CONTROL NUMBER
- control field: 102805
003 - CONTROL NUMBER IDENTIFIER
- control field: NUST
005 - DATE AND TIME OF LATEST TRANSACTION
- control field: 20221117120417.0
008 - FIXED-LENGTH DATA ELEMENTS
- fixed length control field: 221117|| aca||aabn | a|a d
040 ## - CATALOGING SOURCE
- Original cataloging agency: NUST
- Transcribing agency: NUST
150 ## - HEADING--TOPICAL TERM
- Topical term or geographic name entry element: Engineering Mechanics-Dynamics.NUSTTB2022
670 ## - SOURCE DATA FOUND
- Source citation: Work cat.: (NUST)591364: Meriam, James L 98785, Meriam's Engineering Mechanics - Dynamics: Volume 2, 2020.
